| 000 | 03227cam a2200397 i 4500 | ||
|---|---|---|---|
| 001 | 23541593 | ||
| 003 | OSt | ||
| 005 | 20260507135928.0 | ||
| 008 | 240130s2024 nyu b 001 0 eng | ||
| 010 | _a 2024004459 | ||
| 020 |
_a9781032626826 _q(hardback) |
||
| 020 |
_a9781032626734 _q(paperback) |
||
| 020 |
_z9781032626857 _q(ebook) |
||
| 035 | _a23541593 | ||
| 040 |
_aDLC _beng _erda _cDLC |
||
| 042 | _apcc | ||
| 043 | _ae-uk-en | ||
| 050 | 0 | 0 |
_aKD1554 _b.S758 2025 |
| 082 | 0 | 0 |
_a346.4202 _223 |
| 100 | 1 |
_aStone, Richard, _d1951 March 7- _eauthor. |
|
| 245 | 1 | 4 |
_aThe modern law of contract / _cRichard Stone and James Devenney. |
| 250 | _aFifteenth Edition. | ||
| 264 | 1 |
_aAbingdon, Oxon ; _aNew York, NY: _b: _bRoutledge, _c2025. |
|
| 300 |
_aliv, 592 pages ; _c25 cm |
||
| 336 |
_atext _btxt _2rdacontent |
||
| 337 |
_aunmediated _bn _2rdamedia |
||
| 338 |
_avolume _bnc _2rdacarrier |
||
| 504 | _aIncludes bibliographical references and index. | ||
| 505 | 0 | _aIntroduction -- Forming the agreement -- Consideration and other tests of enforceability -- Intention to create legal relations -- Privity -- The contents of the contract -- Clauses excluding or limiting liability -- Misrepresentation -- Mistake -- Duress -- Undue influence -- Illegality and public policy -- Frustration -- Discharge by performance or breach -- Remedies and restitution. | |
| 520 |
_a"Written by an author team with over sixty years of combined teaching experience, the new edition of The Modern Law of Contract is the complete textbook for students of contract law, providing not only clear and authoritative commentary but also a selection of learning features to enable students to engage actively with the law. The 15th edition has been fully updated to address recent developments in contract law, including the Supreme Court judgments in Sara & Hossein Asset Holdings Ltd v Blacks Outdoor Retail Ltd [2023] UKSC 2, Triple Point Technology, Inc v PTT Public Company Ltd [2021] UKSC 29, Barton v Gwyn-Jones [2023] UKSC 3 and Pakistan International Airline Corp v Times Travel (UK) Ltd [2021] UKSC 40. It offers a carefully tailored overview of all key topics for LLB and GDL courses, and includes a number of learning features designed to enhance comprehension and aid exam preparation, including: -boxed chapter summaries that offer a useful checklist for students, and illustrative diagrams to clarify difficult concepts; -'Key cases' that highlight and contextualise the most significant cases; -'For thought' features that ask 'what if' scenarios; -'In focus' features that provide critical commentary on the law. Also including further reading at the end of each chapter and digital learning resources, The Modern Law of Contract enables undergraduate and postgraduate students not only to fully understand the essential details of contract law but also to develop a profound and critical understanding of this fundamental area"-- _cProvided by publisher. |
||
| 650 | 0 |
_aContracts _zEngland. |
|
| 700 | 1 |
_aDevenney, James, _eauthor. |
|
| 906 |
_a7 _bcbc _corignew _d1 _eecip _f20 _gy-gencatlg |
||
| 942 |
_2lcc _cBK |
||
| 999 |
_c266267 _d266266 |
||